Revitalizácia vnútrobloku, Šustekova ul., MČ Petržalka, Bratislava

Salvato in:
Dettagli Bibliografici
Autore principale: Somorovská, Zuzana (Autore)
Altri autori: Gál, Peter, 1942- (Relatore della tesi)
Natura: Manoscritto Libro
Lingua:slovacco
Pubblicazione: Bratislava 2015
Soggetti:
Accesso online:http://is.stuba.sk/zp/portal_zp.pl?podrobnosti=83273
Tags: Aggiungi Tag
Nessun Tag, puoi essere il primo ad aggiungerne!!

MARC

LEADER 00000ntm a22000003a 4500
001 stuzp53079
003 SK-STU
005 20210302111918.5
007 ta
008 150427s2015----xo-----f-mn---000-0-slo-d
040 |a STU  |b slo 
041 0 |a slo 
100 1 |a Somorovská, Zuzana  |u 057170  |4 aut  |U FAD Fakulta architektúry  |T FA Ústav krajinnej a záhradnej architektúry  |X 43795  |U A7170  |Y 398  |7 43795 
242 0 1 |a Revitalize of courtyard in the Sustekova street, Petrzalka, Bratislava  |y eng 
245 1 0 |a Revitalizácia vnútrobloku, Šustekova ul., MČ Petržalka, Bratislava 
260 |c 2015  |a Bratislava 
650 4 |a priestor  |2 slo 
650 4 |a revitalizácia  |2 slo 
650 4 |a vnútroblok  |2 slo 
650 4 |a revitalize  |2 eng 
650 4 |a courtyard  |2 eng 
650 4 |a area  |2 eng 
700 1 |a Gál, Peter,  |d 1942-  |4 ths  |X 495  |7 A000000495 
856 4 |u http://is.stuba.sk/zp/portal_zp.pl?podrobnosti=83273  |u https://opac.crzp.sk/?fn=detailBiblioForm&sid=1080C1D973035A08742387E98A31 
SQL |a stuzp53079  |b DBP  |c SLO  |d Revitalizácia vnútrobloku, Šustekova ul., MČ Petržalka, Bratislava  |e 43795  |f Somorovská, Zuzana  |g 057170  |h 495  |i Gál, Peter  |j 20150612  |k 151  |l 05  |m http://is.stuba.sk/zp/portal_zp.pl?podrobnosti=83273  |n B-KAKP  |o 6.1.17. krajinná a záhradná architektúra